| 000 | 00420cam a22001217a 4500 | ||
|---|---|---|---|
| 008 | 180718b1986 xxu||||| |||| 00| 0 eng d | ||
| 082 | _aP000x54 P/A/1986 | ||
| 100 | _aIndia. Ministry of Human Resource Development. Department of Education | ||
| 245 | _aNational policy on education, 1986: programme of action | ||
| 260 |
_aNew Delhi _bThe author _c1986 |
||
| 300 | _a200p. | ||
| 650 | _aEducation and state - Policy - India | ||
| 999 |
_c487396 _d487396 |
||